| 000 | 00566nam a22002057a 4500 | ||
|---|---|---|---|
| 003 | BD-DhJNU | ||
| 005 | 20240225065159.0 | ||
| 008 | 240225b |||||||| |||| 00| 0 eng d | ||
| 020 | _a9780070671201 | ||
| 040 |
_aBD-DhJNU _bENG _cBD-DhJNU _dBD-DhJNU |
||
| 082 |
_223 _a004 NOI |
||
| 100 | _aNorton, Peter | ||
| 245 |
_aIntroduction to computers / _cPeter Norton |
||
| 250 | _a7th ed. | ||
| 260 |
_aNew Delhi : _bMcGraw Hill Education, _c2013. |
||
| 300 |
_axxix, 628 p. : _bill. ; _c28 cm. |
||
| 504 | _aIncludes index. | ||
| 650 | _aComputer | ||
| 942 |
_2ddc _cBK _n0 |
||
| 999 |
_c111 _d111 |
||